Melbourne General Knowledge №: 2 - Statistics

General Stats
  • This quiz has been taken 61 times
  • The average score is 11 of 20
Answer Stats
Question Answer % Correct
In which year did Melbourne host the Summer Olympic Games ? 1956
94%
What is the largest shopping centre in Victoria? Chadstone Shopping Centre
94%
Which Melbourne based AFL team's colours are yellow and black? Richmond Tigers
94%
What is the name of the amusement park located in the suburb of St Kilda? Luna Park
92%
In which suburb is Melbourne International Airport? Tullamarine
82%
What famous Victorian tourist attraction is located along the Great Ocean Road? The Twelve Apostles
80%
What artistic feature is frequently found in Melbourne, particularly in CBD laneways? Graffiti
73%
Which Victorian Premier went on to become the president of the Hawthorn Football Club? Jeff Kennett
61%
On which street is Victoria's Parliament House located? Spring Street
61%
What is the name of the longest bridge in Victoria? Bolte Bridge
57%
Which sporting icon is the southern stand at the MCG named after? Shane Warne
57%
What is the route number allocated to the Metropolitan Ring Road freeway? M80
55%
What is the nickname given to the running track along the Kings Domain? The Tan Track
47%
What Melbourne bridge is infamous for incidents involving oversized vehicles? Montague Street Bridge
45%
Which actor played the role of Chopper Read in the 2000 film 'Chopper'? Eric Bana
31%
Neighbours' Ramsey St was filmed in which Melbourne suburb? Vermont South
31%
Which famous Melbourne classical musician is depicted on the $100 note? Dame Nellie Melba
29%
What is the name of the parklands where Government House, Sidney Myer Music Bowl, and the Shrine of Remembrance is located? Kings Domain
18%
What is the name of the criminal responsible for the Russell Street Bombing? Craig Minogue
14%
Which unit in Barwon Prison (Lara) is known as the most 'notorious'? Acacia Unit
12%
No matching quizzes found
Score Distribution
Percent of People with Each Score
Percentile by Number Answered
Your Score History
You have not taken this quiz